Statistics for City Names: Contain the Word "City"

Click here to take the quiz!

General Stats

  • This quiz has been taken 46 times
  • The average score is 10 of 15

Answer Stats

HintCity% Correct
Most populous city in North AmericaMexico City
95%
World's smallest country (city-state)Vatican City
95%
Largest city in the United StatesNew York City
91%
At the entrance of an inter-oceanic canalPanama City
88%
Capital city of Utah, USSalt Lake City
88%
Formerly known as SaigonHo Chi Minh City
86%
Capital city of a Central American countryGuatemala City
84%
On the Persian GulfKuwait City
79%
Largest city in the state of Missouri, USKansas City
70%
Capital and largest city of a small European countryLuxembourg City
65%
Capital city of a Canadian ProvinceQuebec City
56%
Former capital city of the PhilippinesQuezon City
56%
Capital and largest city of a US stateOklahoma City
44%
Capital and largest city of a southern Mexican stateOaxaca City
23%
Third largest city in TaiwanKaohsiung City
19%

Score Distribution

Percentile by Number Answered

Percent of People with Each Score

Your Score History

You have not taken this quiz